000 00654nam a2200205Ia 4500
003 LK-CoDNM
005 20241128121604.0
008 010623t1979 xxu||||| |||| 00| 1 sin d
040 _aLK-CoDNM
_dLK-CoDNM
_eLK-CoDNM
041 _asin
080 _a294.32
_bVIP
100 _aඇරෑපොළ විපස්සි හිමි
245 _aපට්ඨාන නිද්දේස වාරය-1979
246 _aPattana Niddesa Waraya
260 _bවිපස්සනා භාවනා මධ්‍යස්ථානය
_aරාජගිරිය
_c1979
300 _b31p. ; 21 cm
650 _aBuddhism
650 _a1979
942 _cBK
999 _c110993
_d110993